000 00650nam a2200217Ia 4500
003 OSt
005 20220923222002.0
006 a|||||r|||| 00| 0
007 ta
008 220922b |||||||| |||| 00| 0 hin d
024 _a201,473
037 _cTextual
040 _aARTS
_cARTS
_bhin
041 _2hin
_ahin
082 _aV2:591, J0
100 _aमुंशी, रामराय मोहनराय
_9162081
245 0 _aराष्ट्र्स्मृति
246 _aRāṣhṭrsmṛuti
942 _hV2:591, J0
_cTEXL
_2CC
999 _c353126
_d353126